000 00297nam a22001337a 4500
008 170403b xxu||||| |||| 00| 0 eng d
020 _a9780077397173
041 _aeng
080 _a574
100 _a9
101 _aSHM
245 _aEVOLUTION DIVERSITY AND ECOLOGY
_cMASON.K.A
942 _2udc
_cBK
999 _c9530
_d9530